[Event "It (open)"]
[Site "masterchessopen.com  Trevias (Spain)"]
[Round "1"]
[White "Gutierrez Barrientos Pablo (ESP)"]
[Black "Mirzoev Azer (AZE)"]
[Result "0-1"]
[WhiteElo "1918"]
[BlackElo "2513"]

1.e4 c5 2.Nf3 e6 3.Nc3 Nc6 4.d4 cxd4 5.Nxd4 Qc7 6.Be3 a6 7.Be2 Nf6 8.O-O Bb4
9.f3 O-O 10.Kh1 Bxc3 11.bxc3 d6 12.Qe1 Ne5 13.f4 Nc4 14.Bg1 b6 15.Bd3 Bb7
16.Nf3 e5 17.fxe5 dxe5 18.Qh4 h6 19.Nd2 Nxd2 20.Rxf6 Qd8 21.Rxh6 gxh6 22.Qxh6
Nxe4 23.Re1 Qg5 24.Qh3 Bc8 25.Qf3 f5 26.Bxb6 Bb7 27.Bc7 Rae8 28.Rb1 Ba8 {#R}
0-1

[Event "Dos Hermanas Qualifier (14-B)"]
[Site "masterchessopen.com  Internet"]
[Date "2003.03.14"]
[Round "1"]
[White "Fernandez Lopategi Jon Andoni (ESP)"]
[Black "Jaracz Pawel (POL)"]
[Result "0-1"]
[WhiteElo "2082"]
[BlackElo "2531"]

1.e4 c5 2.Nf3 e6 3.d4 cxd4 4.Nxd4 Nc6 5.Nc3 Qc7 6.Be3 a6 7.Be2 Nf6 8.O-O Bb4
9.f3 O-O 10.g4 d6 11.g5 Nd7 12.Qe1 Bc5 13.Qf2 b5 14.Rad1 Bb7 15.Nxc6 Bxc6
16.h4 b4 17.Nb1 f5 18.Bc4 Rae8 19.Bxc5 Nxc5 20.e5 Nb7 21.exd6 Nxd6 22.Bb3 Kh8
23.Rfe1 e5 24.Qc5 Nb7 25.Qxb4 e4 26.Bd5 Qg3+ 27.Kf1 exf3 {#R} 0-1

[Event "It \"]
[Site "masterchessopen.com  Mehlingen (Germany)"]
[Date "2003.06.20"]
[Round "4"]
[White "Rosenberger Frank (GER)"]
[Black "Reichstein Hans-Joerg (GER)"]
[Result "1-0"]
[WhiteElo "2204"]
[BlackElo "2109"]

1.e4 c5 2.Nf3 Nc6 3.d4 cxd4 4.Nxd4 e6 5.Nc3 Qc7 6.Be3 a6 7.Be2 Nf6 8.O-O b5
9.Nxc6 dxc6 10.Bf3 Bb7 11.Qe2 Bb4 12.Bd2 Bc5 13.e5 Nd7 14.Bf4 Bd4 15.Rfe1 Bxc3
16.bxc3 O-O 17.Bg5 Nb6 18.Qe4 Nc4 19.Rad1 Rab8 20.Qh4 c5 21.Bxb7 Qxb7 22.Bf6
h6 23.Rd3 Kh7 24.Bxg7 {#r} 1-0

[Event "It (open)"]
[Site "masterchessopen.com  Fouesnant (France)"]
[Date "2003.10.30"]
[Round "8"]
[White "Toux Stephane (FRA)"]
[Black "Raynaud Christophe (FRA)"]
[Result "1-0"]
[WhiteElo "1832"]
[BlackElo "1862"]

1.e4 c5 2.Nf3 e6 3.d4 cxd4 4.Nxd4 Nc6 5.Nc3 Qc7 6.Be2 a6 7.Be3 Nf6 8.a3 Bd6
9.Qd2 Be7 10.f4 d6 11.O-O O-O 12.Bf3 Rd8 13.Qf2 e5 14.Nf5 Qd7 15.Qg3 g6
16.Nxe7+ Nxe7 17.fxe5 Ng4 18.Bb6 Re8 19.Bxg4 Qxg4 20.Qxg4 Bxg4 21.exd6 Nc8
22.Bc7 Na7 23.Rf4 Be6 24.e5 Bf5 25.Rd1 Bd7 26.Nd5 {#r} 1-0

[Event "Ch Malaga"]
[Site "masterchessopen.com  Malaga (Spain)"]
[Date "2004.01.24"]
[Round "5"]
[White "Blanco Villalba Jose Francisco (ESP)"]
[Black "Ramos Cantos Juan Jesus (ESP)"]
[Result "0-1"]
[WhiteElo "1982"]
[BlackElo "1964"]

1.e4 c5 2.Nf3 e6 3.d4 cxd4 4.Nxd4 a6 5.Nc3 Qc7 6.Be3 Nc6 7.Be2 b5 8.a3 Bb7
9.O-O Rc8 10.f4 Na5 11.e5 Nc4 12.Bxc4 Qxc4 13.f5 Ne7 14.Qh5 exf5 15.Nxf5 Nxf5
16.Qxf5 Be7 17.Rad1 Bc6 18.Bg5 Bxg5 19.Qxg5 O-O 20.Kh1 Rce8 21.Rf4 Qc5 22.Rg4
Qxe5 23.Qh4 Re6 24.Rf4 Rfe8 25.Qf2 Rf6 26.Qf1 Rxf4 27.Qxf4 Qxf4 {#R} 0-1

[Event "Tournament (Elo)"]
[Site "masterchessopen.com  Amay (Belgium)"]
[Date "2004.01.30"]
[Round "2"]
[White "Hautot Stephane (BEL)"]
[Black "Dal Borgo Albin (BEL)"]
[Result "1-0"]
[WhiteElo "2328"]
[BlackElo "2149"]

1.e4 c5 2.Nf3 e6 3.d4 cxd4 4.Nxd4 Nc6 5.Nc3 a6 6.Be3 Qc7 7.Be2 b5 8.Nxc6 Qxc6
9.Bf3 Bb7 10.O-O Qc7 11.Bd4 e5 12.Nd5 Bxd5 13.exd5 exd4 14.d6 Qc8 15.Qe1+ Ne7
16.Bxa8 Qxa8 17.dxe7 Bxe7 18.Qe5 f6 19.Qxd4 Qc6 20.Rad1 d6 21.Rfe1 Kf7 22.Qg4
Qc8 23.Qh5+ g6 24.Qd5+ Kf8 25.Re2 h5 26.Rde1 Rh7 27.Rxe7 {#r} 1-0

[Event "It \"]
[Site "masterchessopen.com  Bunratty (Ireland)"]
[Date "2004.02.21"]
[Round "3"]
[White "Quinn Mark (IRL)"]
[Black "Hynes Kilian A (IRL)"]
[Result "1-0"]
[WhiteElo "2409"]
[BlackElo "2227"]

1.e4 c5 2.Nf3 e6 3.d4 cxd4 4.Nxd4 Nc6 5.Nc3 Qc7 6.Be2 a6 7.Be3 Nf6 8.O-O Bb4
9.Nxc6 bxc6 10.Na4 Be7 11.Bb6 Qb8 12.Bd3 d5 13.exd5 cxd5 14.Be3 e5 15.Nb6 d4
16.Nxc8 Qxc8 17.Bg5 Qg4 18.Qxg4 Nxg4 19.Bxe7 Kxe7 20.Rae1 Kd6 21.h3 Nf6 22.f4
Rhe8 23.fxe5+ Rxe5 24.Rxe5 Kxe5 25.Rf5+ Kd6 26.Ra5 Nd5 27.Be4 {#r} 1-0

[Event "Ch Russia (juniors) (under 14)"]
[Site "masterchessopen.com  Dagomys (Russia)"]
[Round "6"]
[White "Yuzhakov Oleg (RUS)"]
[Black "Sukhachev Maxim (RUS)"]
[Result "0-1"]
[WhiteElo "2192"]
[BlackElo "2146"]

1.e4 c5 2.Nf3 e6 3.d4 cxd4 4.Nxd4 Nc6 5.Nc3 Qc7 6.Be3 a6 7.Be2 Nf6 8.O-O Bb4
9.Bd3 Ne5 10.Bd2 Bc5 11.Nf3 Nfg4 12.Nxe5 Nxe5 13.Kh1 Bd4 14.Qe2 b5 15.Nd1 Bb7
16.c3 Bb6 17.f4 Nxd3 18.Qxd3 Qc6 19.Nf2 f5 20.Rae1 O-O 21.Be3 Bc7 22.Bd2 Rf6
23.Re2 Raf8 24.Rfe1 Bxf4 25.Bxf4 fxe4 26.Nxe4 Rxf4 27.h3 {#R} 0-1

[Event "Ch Poland (juniors) (under 18)"]
[Site "masterchessopen.com  Leba (Poland)"]
[Date "2004.04.02"]
[Round "9"]
[White "Caba Tomasz (POL)"]
[Black "Skrzypczak Piotr (POL)"]
[Result "1-0"]
[WhiteElo "2153"]
[BlackElo "2098"]

1.e4 c5 2.Nf3 e6 3.d4 cxd4 4.Nxd4 Nc6 5.Nc3 a6 6.Be2 Qc7 7.Be3 Nf6 8.a3 Be7
9.O-O O-O 10.Kh1 d6 11.f4 Re8 12.Qe1 Qd7 13.Bd3 b5 14.Qg3 Qb7 15.e5 Nh5 16.Qf3
g6 17.f5 exf5 18.Nxf5 Bxf5 19.Bxf5 Bf8 20.Be4 Rac8 21.Bd5 Rc7 22.e6 fxe6
23.Bxe6+ {#r} 1-0

[Event "It (open) \"]
[Site "masterchessopen.com  Berlin (Germany)"]
[Date "2004.05.20"]
[Round "2"]
[White "Van Asseldonk Paul (NED)"]
[Black "Maniocha Andrzej (POL)"]
[Result "0-1"]
[WhiteElo "2057"]
[BlackElo "2252"]

1.e4 c5 2.Nf3 Nc6 3.Nc3 e6 4.d4 cxd4 5.Nxd4 Qc7 6.Be3 a6 7.Be2 b5 8.O-O Bb7
9.Rc1 Nf6 10.f3 Be7 11.a4 b4 12.Nb1 O-O 13.c4 Bd6 14.g3 Bc5 15.Kg2 Qb6 16.a5
Nxa5 17.Bf2 Nc6 18.Nb3 Bxf2 19.Rxf2 a5 20.Qd6 Ne8 21.Qc5 Qc7 22.Rd1 f5 23.N1d2
a4 24.Nd4 d6 {#R} 0-1

[Event "Ch Hamburg (open)"]
[Site "masterchessopen.com  Hamburg (Germany)"]
[Date "2004.05.30"]
[Round "2"]
[White "Lanka Zigurds (LAT)"]
[Black "Kroencke Manfred (GER)"]
[Result "1-0"]
[WhiteElo "2455"]
[BlackElo "2182"]

1.e4 c5 2.Nf3 e6 3.d4 cxd4 4.Nxd4 Nc6 5.Nc3 Qc7 6.Be2 a6 7.Be3 Nf6 8.a3 b5
9.Nxc6 dxc6 10.f4 Be7 11.e5 Nd7 12.O-O Bb7 13.Bf3 c5 14.Bxb7 Qxb7 15.f5 Nxe5
16.fxe6 O-O 17.exf7+ Nxf7 18.Qh5 Rac8 19.Rad1 c4 20.Rf3 Qc6 21.Nd5 Qe6 22.Qf5
Rc6 23.Qxe6 Rxe6 24.Nxe7+ {#r} 1-0

[Event "Ch SCG (team)"]
[Site "masterchessopen.com  Budva (Yugoslavia)"]
[Date "2004.09.11"]
[Round "4"]
[White "Djukic Nikola (MNE)"]
[Black "Pavlovic Goran (SRB)"]
[Result "1-0"]
[WhiteElo "2462"]
[BlackElo "2354"]

1.e4 c5 2.Nf3 Nc6 3.d4 cxd4 4.Nxd4 Qc7 5.Nc3 e6 6.Be2 a6 7.Be3 Nf6 8.a3 d6
9.f4 Bd7 10.g4 Nxd4 11.Qxd4 Bc6 12.O-O-O d5 13.e5 Nd7 14.Bf3 Be7 15.Rhe1 O-O
16.Qd2 b5 17.Bd4 a5 18.f5 Rfc8 19.f6 Bf8 20.fxg7 Bxg7 21.Re2 Nxe5 22.Rxe5 Kh8
23.Rh5 e5 24.Qd3 h6 25.Be3 e4 26.Qd2 {#r} 1-0

[Event "It \"]
[Site "masterchessopen.com  Werther (Germany)"]
[Date "2005.03.18"]
[Round "1"]
[White "Ruge Vitalij"]
[Black "Ruerup Hans-Heinz (GER)"]
[Result "0-1"]
[WhiteElo "1717"]
[BlackElo "2033"]

1.e4 c5 2.Nf3 e6 3.d4 cxd4 4.Nxd4 Nc6 5.Nc3 Qc7 6.Be2 a6 7.Be3 Nf6 8.Nxc6 bxc6
9.O-O d5 10.exd5 cxd5 11.Re1 Bb4 12.Bd4 Bb7 13.a3 Bd6 14.Bxf6 Bxh2+ 15.Kh1
gxf6 16.Bh5 O-O-O 17.Qd4 Be5 18.Qa7 d4 {#R} 0-1

[Event "Tournament (Elo) (b)"]
[Site "masterchessopen.com  Budapest (Hungary)"]
[Date "2005.06.07"]
[Round "4"]
[White "Trajber Daniel (HUN)"]
[Black "Papp Jozsef (HUN)"]
[Result "1-0"]
[WhiteElo "1969"]
[BlackElo "1907"]

1.e4 c5 2.Nf3 Nc6 3.d4 cxd4 4.Nxd4 Qc7 5.Nc3 e6 6.Be3 a6 7.Be2 Nf6 8.a3 b5
9.f4 d6 10.Nxc6 Qxc6 11.Bf3 e5 12.Nd5 Bb7 13.Qe2 Nd7 14.Rc1 Rc8 15.Bg4 Rd8
16.c4 Nc5 17.cxb5 {#r} 1-0

[Event "It (open)"]
[Site "masterchessopen.com  Aviles (Spain)"]
[Date "2005.08.07"]
[Round "2"]
[White "Suarez Calvo Alexandra (ESP)"]
[Black "Cherenkova Kristina (RUS)"]
[Result "0-1"]
[WhiteElo "1924"]
[BlackElo "2260"]

1.e4 c5 2.Nf3 e6 3.d4 cxd4 4.Nxd4 a6 5.Nc3 Qc7 6.Be2 Nc6 7.Be3 b5 8.a3 Nf6
9.O-O Be7 10.f4 Bb7 11.Bf3 d6 12.Kh1 O-O 13.Qe1 Rfd8 14.Qg3 Bf8 15.Nb3 d5
16.exd5 exd5 17.Rad1 Ne7 18.Qf2 Rdc8 19.g3 Ne4 20.Bxe4 dxe4 21.Bb6 e3+ {#R}
0-1

[Event "Ch Slovenia (team)"]
[Site "masterchessopen.com  Bled (Slovenia)"]
[Date "2005.11.27"]
[Round "2"]
[White "Runic Zoran (BIH)"]
[Black "Gostisa Leon (SLO)"]
[Result "1-0"]
[WhiteElo "2434"]
[BlackElo "2415"]

1.e4 c5 2.Nf3 e6 3.d4 cxd4 4.Nxd4 Nc6 5.Nc3 Qc7 6.Be2 a6 7.Be3 Nf6 8.a3 Be7
9.f4 d6 10.O-O O-O 11.Kh1 Bd7 12.Qe1 Rac8 13.Qg3 Kh8 14.Nxc6 Bxc6 15.Bd4 Rg8
16.Bd3 d5 17.exd5 exd5 18.Rae1 Qd7 19.Rxe7 Qxe7 20.Qh4 h6 21.g4 Rge8 22.g5 Ng8
23.gxh6 f6 24.hxg7+ Kxg7 25.Rg1+ Kf8 26.Qh8 {#r} 1-0

[Event "It (open)"]
[Site "masterchessopen.com  Villa Ballester (Argentina)"]
[Date "2006.01.10"]
[Round "5"]
[White "Preuss Maximiliano (ARG)"]
[Black "Garcia Ezequiel (ARG)"]
[Result "1-0"]
[WhiteElo "2117"]
[BlackElo "1965"]

1.e4 c5 2.Nf3 a6 3.Nc3 Nc6 4.d4 cxd4 5.Nxd4 e6 6.Be2 Qc7 7.Be3 Nf6 8.O-O Bb4
9.Re1 Bxc3 10.bxc3 Nxe4 11.Bd3 Nf6 12.Nf5 O-O 13.Nxg7 Kxg7 14.Bh6+ Kh8 15.Bxf8
Qf4 16.g3 Qg5 17.Bd6 b5 18.a4 Qd5 19.Bf1 Qf5 20.axb5 Nd8 21.Re5 Qg6 22.Bd3 Qg7
23.Ra4 Ne8 24.Rh5 f5 25.Rah4 Nf6 26.Be5 Nf7 27.Rxh7+ {#r} 1-0

[Event "It (open)"]
[Site "masterchessopen.com  Leutersdorf (Germany)"]
[Round "7"]
[White "Ehrlich Kay (GER)"]
[Black "Graf Felix (GER)"]
[Result "0-1"]
[WhiteElo "2016"]
[BlackElo "2207"]

1.e4 c5 2.Nf3 e6 3.d4 cxd4 4.Nxd4 Nc6 5.Nc3 Qc7 6.Be3 a6 7.Be2 b5 8.a3 Bb7
9.O-O Nf6 10.Nxc6 dxc6 11.Bf3 Bd6 12.g3 c5 13.Qe2 O-O 14.Rfd1 Be5 15.Bg5 h6
16.Bxf6 Bxf6 17.Bg2 Bd4 18.Rd3 Rad8 19.Rad1 e5 20.Nd5 Bxd5 21.exd5 c4 22.d6
cxd3 23.dxc7 dxe2 {#R} 0-1

[Event "Ch France (juniors) (under 18)"]
[Site "masterchessopen.com  Aix les Bains (France)"]
[Round "2"]
[White "Donon Robin (FRA)"]
[Black "Vernay Clovis (FRA)"]
[Result "0-1"]
[WhiteElo "2050"]
[BlackElo "2334"]

1.e4 c5 2.Nc3 Nc6 3.Nge2 e6 4.d4 cxd4 5.Nxd4 Qc7 6.Be3 a6 7.Be2 b5 8.f4 Bb7
9.a3 Na5 10.Ndxb5 axb5 11.Nxb5 Qc6 12.Qd4 Be7 13.b4 Nf6 14.e5 Nd5 15.Na7 Qxc2
16.Bd3 Qxg2 17.Be4 Bh4+ {#R} 0-1

[Event "Ch Europe (juniors) (under 14)"]
[Site "masterchessopen.com  Herceg Novi (Montenegro)"]
[Date "2006.09.10"]
[Round "1"]
[White "Lyaskovsky Valentin (RUS)"]
[Black "Herrera Reyes Jose Antonio (ESP)"]
[Result "1-0"]
[WhiteElo "2295"]
[BlackElo "2020"]

1.e4 c5 2.Nf3 e6 3.d4 cxd4 4.Nxd4 Nc6 5.Nc3 a6 6.Be3 Qc7 7.Be2 b5 8.O-O Bb7
9.f4 Rc8 10.Kh1 b4 11.Na4 Nxd4 12.Qxd4 Qxc2 13.Nb6 Nf6 14.Bd3 Qc7 15.Nxc8 Qxc8
16.Rac1 Qd8 17.Qa7 Bc6 18.Bb6 {#r} 1-0

[Event "NRW Klasse 1 2006/07"]
[Site "masterchessopen.com  Germany"]
[Date "2006.11.26"]
[Round "3"]
[White "Lattermann Stefan (GER)"]
[Black "Eckler Klaus"]
[Result "1-0"]
[WhiteElo "2121"]
[BlackElo "2217"]

1.e4 c5 2.Nf3 Nc6 3.d4 cxd4 4.Nxd4 e6 5.Nc3 Qc7 6.Be2 a6 7.Be3 Nf6 8.O-O Bb4
9.Na4 Bd6 10.Nb6 Bxh2+ 11.Kh1 Rb8 12.Nxc6 bxc6 13.Nxc8 Rxc8 14.f4 Bg3 15.Bxa6
Ra8 16.Bd3 h5 17.Qf3 h4 18.Bd4 e5 19.Bxe5 d6 20.Bd4 Nh5 21.Qg4 Qd7 22.Qxd7+
Kxd7 23.Be3 Rhe8 24.e5 g6 25.Bd2 c5 26.Bb5+ {#r} 1-0

[Event "Ch Poland (juniors) (under 12)"]
[Site "masterchessopen.com  Ustron (Poland)"]
[Date "2007.03.05"]
[Round "4"]
[White "Grzeskow Adrian (POL)"]
[Black "Budzinski Jan (POL)"]
[Result "0-1"]
[WhiteElo "1736"]
[BlackElo "1823"]

1.e4 c5 2.Nf3 e6 3.d4 cxd4 4.Nxd4 a6 5.Nc3 Qc7 6.Be3 Nc6 7.Be2 b5 8.O-O Nf6
9.a3 Bb7 10.Bf3 Be7 11.g3 O-O 12.Bg2 d6 13.f4 Rad8 14.h3 d5 15.e5 Nd7 16.g4
Bc5 17.Nce2 Nxd4 18.Bxd4 Bxd4+ 19.Nxd4 Nb6 20.b3 Rc8 21.Rf3 Nd7 22.h4 Nc5
23.g5 g6 24.Rh3 Kg7 25.h5 Qe7 26.hxg6 hxg6 27.Kf2 Rh8 28.Qd3 Nxd3+ {#R} 0-1

[Event "Ch Netherlands (juniors) (under 14)"]
[Site "masterchessopen.com  Venlo (Netherlands)"]
[Round "7"]
[White "Haast Anne (NED)"]
[Black "Admiraal Miguoel (NED)"]
[Result "1-0"]
[WhiteElo "2021"]
[BlackElo "2238"]

1.e4 c5 2.Nf3 e6 3.d4 cxd4 4.Nxd4 Nc6 5.Nc3 Qc7 6.Be3 a6 7.Be2 Nf6 8.O-O Bb4
9.f3 O-O 10.Kh1 d6 11.Bg5 Nd7 12.f4 Bxc3 13.bxc3 Nc5 14.Bf3 Na4 15.Qd3 Nb2
16.Qe2 b5 17.Nxc6 Qxc6 18.e5 d5 19.Qe1 Re8 20.Qg3 Kf8 21.Bf6 gxf6 22.exf6 Re7
23.Qg7+ Ke8 24.fxe7 Kxe7 25.Bh5 Qe8 26.f5 exf5 27.Rae1+ Be6 28.Rxf5 {#r} 1-0

[Event "Ch Netherlands (juniors) (under 16)"]
[Site "masterchessopen.com  Venlo (Netherlands)"]
[Date "2007.04.30"]
[Round "4"]
[White "Ten Vergert Paul (NED)"]
[Black "De Ruiter Danny (NED)"]
[Result "0-1"]
[WhiteElo "1914"]
[BlackElo "1971"]

1.e4 c5 2.Nf3 Nc6 3.d4 cxd4 4.Nxd4 e6 5.Nc3 a6 6.Be2 Qc7 7.Be3 b5 8.O-O Bb7
9.f4 Bc5 10.Kh1 Qb6 11.Nxc6 Bxc6 12.Bxc5 Qxc5 13.a3 Ne7 14.Bf3 O-O 15.e5 Nf5
16.Qd2 Ne3 17.Qf2 Bxf3 18.gxf3 Qa7 19.Rg1 Nf5 20.Qg2 Kh8 21.Ne4 Rg8 22.Rad1 d5
23.Ng5 h6 24.Qh3 g6 25.Qg4 hxg5 26.Qxg5 Qe7 27.Qg2 Kg7 {#R} 0-1

[Event "Ch Germany (juniors) (Internet) (under 18) (qual2)"]
[Site "masterchessopen.com  Internet"]
[Date "2007.05.23"]
[Round "6"]
[White "Hirneise Jens (GER)"]
[Black "Sergin Mark (GER)"]
[Result "1-0"]
[WhiteElo "2119"]
[BlackElo "2094"]

1.e4 c5 2.Nf3 e6 3.d4 cxd4 4.Nxd4 Nc6 5.Nc3 Qc7 6.Be2 a6 7.Be3 Nf6 8.a3 b5
9.Nxc6 Qxc6 10.e5 Nd5 11.Nxd5 exd5 12.Bf3 Bb7 13.Qd3 Rc8 14.c3 Qe6 15.O-O Be7
16.Rad1 Qxe5 17.Rfe1 Qf6 18.Bd4 Qd6 19.Bxg7 Rf8 20.Qxh7 Kd8 21.Bxf8 Bxf8
22.Qxf7 Kc7 23.Bxd5 Qb6 24.Bxb7 Kxb7 25.Rxd7+ Kb8 26.Re8 {#r} 1-0

[Event "It (open) \"]
[Site "masterchessopen.com  Berlin (Germany)"]
[Date "2007.08.20"]
[Round "3"]
[White "Gebigke Martin (GER)"]
[Black "Bruening Wolfgang (GER)"]
[Result "1-0"]
[WhiteElo "2142"]
[BlackElo "1954"]

1.e4 c5 2.Nf3 e6 3.d4 cxd4 4.Nxd4 Nc6 5.Nc3 Qc7 6.Be3 a6 7.Be2 Nf6 8.O-O Bb4
9.Na4 Be7 10.c4 Nxd4 11.Qxd4 e5 12.Qd3 d6 13.Nb6 Rb8 14.Rac1 Qc6 15.f3 Nd7
16.Nd5 Nc5 17.Qd2 b6 18.b4 Ne6 19.Rfd1 Nc7 20.b5 Qb7 21.Nxe7 {#r} 1-0

[Event "Tournament (open)"]
[Site "masterchessopen.com  Schalksmuehle (Germany)"]
[Date "2007.08.24"]
[Round "1"]
[White "Heesemann Michael (GER)"]
[Black "Leroy Babs"]
[Result "0-1"]
[WhiteElo "1967"]
[BlackElo "1747"]

1.e4 c5 2.Nf3 e6 3.d4 cxd4 4.Nxd4 Nc6 5.Nc3 Qc7 6.Be3 a6 7.Be2 Nf6 8.f4 Bb4
9.Qd3 d5 10.exd5 Nxd5 11.O-O Nxe3 12.Qxe3 Nxd4 13.Qxd4 Bc5 {#R} 0-1

[Event "Ch Croatia (team) (1st league)"]
[Site "masterchessopen.com  Sibenik (Croatia)"]
[Date "2007.10.01"]
[Round "7"]
[White "Bosiocic Marin (CRO)"]
[Black "Malada Vinko (CRO)"]
[Result "1-0"]
[WhiteElo "2491"]
[BlackElo "2268"]

1.e4 c5 2.Nf3 e6 3.d4 cxd4 4.Nxd4 Nc6 5.Nc3 Qc7 6.Be3 a6 7.Be2 Nf6 8.O-O Bb4
9.Nxc6 bxc6 10.Qd4 c5 11.Qc4 O-O 12.Bf3 Bb7 13.e5 Bxf3 14.exf6 d5 15.Qh4 Bxc3
16.bxc3 Be4 17.Bh6 Qe5 18.Bxg7 Rfb8 19.Rae1 Qxc3 20.Rxe4 {#r} 1-0

[Event "Tournament (team) \"]
[Site "masterchessopen.com  Macau (China)"]
[Date "2007.10.28"]
[Round "1"]
[White "Ishizuka Mirai (JPN)"]
[Black "Paridar Shadi (IRI)"]
[Result "0-1"]
[WhiteElo "1839"]
[BlackElo "2236"]

1.e4 c5 2.Nf3 Nc6 3.d4 cxd4 4.Nxd4 Qc7 5.Nc3 e6 6.Be3 a6 7.Be2 Nf6 8.O-O Bb4
9.f3 Ne5 10.Nb1 Nc4 11.Bxc4 Qxc4 12.b3 Qc7 13.c4 O-O 14.Nd2 d5 15.cxd5 exd5
16.Rc1 Qe7 17.Bf2 dxe4 18.Re1 Re8 19.Re2 Bxd2 20.Rxd2 e3 21.Nc6 exf2+ {#R} 0-1

[Event "Ch Niedersachsen"]
[Site "masterchessopen.com  Verden (Germany)"]
[Date "2008.01.05"]
[Round "8"]
[White "Laubsch Bernd (GER)"]
[Black "Mueller Fabian (GER)"]
[Result "1-0"]
[WhiteElo "2273"]
[BlackElo "2296"]

1.e4 c5 2.Nf3 e6 3.d4 cxd4 4.Nxd4 Nc6 5.Nc3 Qc7 6.Be2 a6 7.Be3 Nf6 8.O-O Bb4
9.Na4 Be7 10.Nxc6 bxc6 11.Nb6 Rb8 12.Nxc8 Qxc8 13.Bd4 c5 14.Be5 Rb6 15.Qd3 d6
16.Bc3 O-O 17.b3 d5 18.e5 Nd7 19.f4 c4 20.bxc4 Rc6 21.Qh3 Nb6 22.Bd3 g6 23.Rf3
dxc4 24.Qh6 cxd3 25.Rh3 Bc5+ 26.Kh1 Rd8 27.f5 {#r} 1-0

[Event "It (open)"]
[Site "masterchessopen.com  Gorzow Wlkp (Poland)"]
[Date "2008.03.21"]
[Round "4"]
[White "Wisniowska Klaudia (POL)"]
[Black "Kuciel Wladyslaw (POL)"]
[Result "0-1"]
[WhiteElo "1988"]
[BlackElo "2142"]

1.e4 c5 2.Nf3 e6 3.d4 cxd4 4.Nxd4 Nc6 5.Nc3 Qc7 6.Be3 a6 7.Be2 Nf6 8.O-O b5
9.Nxc6 dxc6 10.Bf3 Bb7 11.a4 Rd8 12.Qc1 b4 13.Ne2 Bd6 14.Bf4 Bxf4 15.Qxf4 Qxf4
16.Nxf4 Rd2 17.Rac1 c5 18.Rfe1 Ke7 19.Nd3 Rc8 20.b3 a5 21.e5 Nd5 22.Re2 Rxe2
23.Bxe2 c4 24.Nb2 cxb3 25.Nc4 Nc3 26.Bf1 Rxc4 27.Bxc4 b2 {#R} 0-1

[Event "Ch Saarland (BT)"]
[Site "masterchessopen.com  Eppelborn (Germany)"]
[Date "2008.03.26"]
[Round "2"]
[White "Meiser Michael"]
[Black "Kemmer Josef"]
[Result "0-1"]
[WhiteElo "1532"]
[BlackElo "1468"]

1.e4 c5 2.Nf3 e6 3.Nc3 a6 4.d4 cxd4 5.Nxd4 Nc6 6.Be3 Qc7 7.Be2 Nf6 8.O-O Be7
9.Bf3 Ne5 10.a3 O-O 11.Re1 b5 12.Be2 Nc4 13.Bxc4 bxc4 14.Bg5 h6 15.Bh4 d6
16.Bg3 Bb7 17.e5 dxe5 18.Qe2 Nd7 19.Bxe5 Nxe5 20.Qxe5 Qxe5 21.Rxe5 Bf6 {#R}
0-1

[Event "Tournament (open) (juniors) (under 20) (g)"]
[Site "masterchessopen.com  Busevec (Croatia)"]
[Date "2008.05.02"]
[Round "4"]
[White "Jacimovic Sara (BIH)"]
[Black "Misovic Sanja (MNE)"]
[Result "0-1"]
[WhiteElo "1796"]
[BlackElo "1937"]

1.e4 c5 2.Nf3 e6 3.d4 cxd4 4.Nxd4 Nc6 5.Nc3 Qc7 6.Be3 a6 7.Be2 Nf6 8.a3 Be7
9.Qd2 b5 10.O-O O-O 11.f4 Nxd4 12.Bxd4 d6 13.Bxf6 Bxf6 14.f5 exf5 15.exf5 Qc5+
16.Kh1 Bxf5 17.h3 Bg6 18.Bf3 Ra7 19.Be4 Bxc3 20.bxc3 Bxe4 21.a4 Rc7 22.axb5
axb5 23.Rac1 d5 24.Qe2 Qxc3 25.Qxb5 Qd2 26.Rg1 Rc3 27.Qd7 Bxg2+ {#R} 0-1

[Event "Ch Poland (team) (juniors) (extraliga)"]
[Site "masterchessopen.com  Gorzow Wielkopolski (Poland)"]
[Date "2008.07.05"]
[Round "1"]
[White "Dragun Kamil (POL)"]
[Black "Musialkiewicz Jan (POL)"]
[Result "1-0"]
[WhiteElo "2174"]
[BlackElo "2117"]

1.e4 c5 2.Nf3 e6 3.d4 cxd4 4.Nxd4 Nc6 5.Nc3 Qc7 6.Be3 a6 7.Be2 Nf6 8.O-O Bb4
9.Na4 Be7 10.Nxc6 bxc6 11.Nb6 Rb8 12.Nxc8 Qxc8 13.e5 Nd5 14.Bc1 Bc5 15.c4 Ne7
16.b3 Qc7 17.Bb2 O-O 18.Bd3 Ng6 19.Qh5 Rfd8 20.Rad1 Qa7 21.Be4 Rbc8 22.Rd3 Nf8
23.Bxh7+ Nxh7 24.Rh3 Re8 25.Qxh7+ Kf8 26.Bc1 d5 27.Bg5 {#r} 1-0

[Event "Ch European Union (juniors) (under 10)"]
[Site "masterchessopen.com  Mureck (Austria)"]
[Date "2008.08.08"]
[Round "3"]
[White "Proyer Enno (AUT)"]
[Black "Oprita George (ROM)"]
[Result "1-0"]
[WhiteElo "1881"]
[BlackElo "1610"]

1.e4 c5 2.Nf3 e6 3.d4 cxd4 4.Nxd4 Nc6 5.Nc3 Qc7 6.Be3 a6 7.Be2 Nf6 8.O-O Bb4
9.Nxc6 bxc6 10.Bd3 Bxc3 11.bxc3 O-O 12.f4 Bb7 13.c4 d5 14.e5 Nd7 15.cxd5 cxd5
16.Rf3 d4 17.Rh3 dxe3 18.Bxh7+ Kh8 19.Bf5+ Kg8 20.Qh5 {#r} 1-0

[Event "Ch France (team) (nat.2) 2008/09"]
[Site "masterchessopen.com  France"]
[Date "2008.11.23"]
[Round "3"]
[White "Netzer Jacques (FRA)"]
[Black "Wegner Eric (FRA)"]
[Result "1-0"]
[WhiteElo "2131"]
[BlackElo "2045"]

1.e4 c5 2.Nf3 Nc6 3.d4 cxd4 4.Nxd4 Qc7 5.Nc3 e6 6.Be2 a6 7.Be3 Nf6 8.O-O Bb4
9.Na4 Be7 10.c4 Nxe4 11.c5 O-O 12.Rc1 d6 13.cxd6 Bxd6 14.g3 Bd7 15.Bf3 f5
16.Qb3 Rae8 17.Nxf5 Rxf5 18.Bxe4 Rh5 19.Qd3 Be5 20.Bxh7+ Kh8 21.Bg6 Rf8 22.Nc5
Bc8 23.Qe2 Rff5 24.Bxf5 exf5 25.Qxh5+ Kg8 26.Qe8+ Kh7 27.Nxa6 {#r} 1-0

[Event "Memorial V.Postostovalov"]
[Site "masterchessopen.com  Cheliabinsk (Russia)"]
[Date "2009.01.07"]
[Round "3"]
[White "Kantyshev Nikita (RUS)"]
[Black "Matsenko Elena (RUS)"]
[Result "0-1"]
[WhiteElo "1894"]
[BlackElo "2049"]

1.e4 c5 2.Nf3 Nc6 3.d4 cxd4 4.Nxd4 Qc7 5.Nc3 e6 6.Be3 a6 7.Be2 Nf6 8.O-O Bb4
9.Qd3 Ne5 10.Qd1 Bxc3 11.bxc3 Nxe4 12.Bd3 Nxc3 13.Qh5 Nxd3 14.cxd3 Nd5 15.Rac1
Qd6 16.Bd2 O-O 17.Qh4 b5 18.Kh1 Bb7 19.f4 f5 20.Nf3 Nf6 21.Ne5 Qd5 22.Qh3 d6
23.Nf3 Qxd3 24.Rc7 Qxf1+ 25.Ng1 Rf7 {#R} 0-1